[Event "Oberliga Ost B"]
[Site "?"]
[Date "2021.10.10"]
[Round "1.2"]
[White "Langheinrich, Ferenc"]
[Black "Jakob, Matthias"]
[Result "1/2-1/2"]
[WhiteElo "2351"]
[BlackElo "2108"]
[PlyCount "27"]
[EventDate "2021.10.10"]
[EventType "team-tourn"]
[EventCountry "GER"]
[WhiteTeam "Erfurt SV Empor"]
[BlackTeam "Erfurt SV Medizin"]
[WhiteTeamCountry "GER"]
[BlackTeamCountry "GER"]

1. d4 Nc6 2. Nf3 d6 3. c4 Nf6 4. Nc3 g6 5. g3 Bg7 6. Bg2 O-O 7. O-O e5 8. d5
Ne7 9. e4 Ne8 10. Ne1 f5 11. Nd3 c6 12. f4 cxd5 13. cxd5 Kh8 14. fxe5 1/2-1/2

[Event "Oberliga Ost B"]
[Site "?"]
[Date "2021.10.10"]
[Round "1.4"]
[White "Michalowski, Peter"]
[Black "Kirschbaum, Gunnar"]
[Result "1/2-1/2"]
[WhiteElo "2107"]
[BlackElo "2041"]
[PlyCount "24"]
[EventDate "2021.10.10"]
[EventType "team-tourn"]
[EventCountry "GER"]
[WhiteTeam "Erfurt SV Empor"]
[BlackTeam "Erfurt SV Medizin"]
[WhiteTeamCountry "GER"]
[BlackTeamCountry "GER"]

1. e4 d6 2. d4 Nf6 3. Nc3 Nbd7 4. f4 e5 5. Nf3 exd4 6. Qxd4 c6 7. e5 dxe5 8.
fxe5 Bc5 9. Qh4 Qe7 10. Bf4 Ng4 11. Qxe7+ Kxe7 12. h3 Be3 1/2-1/2

[Event "Oberliga Ost B"]
[Site "?"]
[Date "2021.10.10"]
[Round "1.6"]
[White "Wiemers, Holger"]
[Black "Rost, Detlef"]
[Result "1/2-1/2"]
[WhiteElo "2054"]
[BlackElo "1899"]
[PlyCount "26"]
[EventDate "2021.10.10"]
[EventType "team-tourn"]
[EventCountry "GER"]
[WhiteTeam "Erfurt SV Empor"]
[BlackTeam "Erfurt SV Medizin"]
[WhiteTeamCountry "GER"]
[BlackTeamCountry "GER"]

1. d4 Nf6 2. Bg5 Ne4 3. Bf4 d5 4. Nd2 Bf5 5. e3 e6 6. Nxe4 Bxe4 7. Nf3 Bd6 8.
Bg3 O-O 9. Bd3 Bxd3 10. Qxd3 c5 11. c3 Nc6 12. O-O Bxg3 13. hxg3 cxd4 1/2-1/2

[Event "Oberliga Ost B"]
[Site "?"]
[Date "2021.10.10"]
[Round "1.7"]
[White "Fischer, Dennis"]
[Black "Rempel, Patrick"]
[Result "0-1"]
[WhiteElo "1961"]
[BlackElo "2063"]
[PlyCount "50"]
[EventDate "2021.10.10"]
[EventType "team-tourn"]
[EventCountry "GER"]
[WhiteTeam "Erfurt SV Medizin"]
[BlackTeam "Erfurt SV Empor"]
[WhiteTeamCountry "GER"]
[BlackTeamCountry "GER"]

1. g3 g6 2. Bg2 Bg7 3. Nf3 Nf6 4. O-O O-O 5. d4 d6 6. c4 Nc6 7. d5 Na5 8. Nbd2
c5 9. e4 a6 10. Rb1 b5 11. b3 Rb8 12. Qc2 e6 13. Bb2 e5 14. cxb5 axb5 15. Rfe1
Ba6 16. Nxe5 dxe5 17. Bxe5 Rc8 18. Bh3 Ra8 19. Qxc5 Nd7 20. Bxd7 Bxe5 21. Nf3
Bc7 22. Bh3 Bb6 23. Qc1 Bc8 24. Qh6 Qf6 25. Bf1 Qxf3 0-1

[Event "Oberliga Ost B"]
[Site "?"]
[Date "2021.10.10"]
[Round "1.1"]
[White "Siebarth, Raiko"]
[Black "Hoffmann, Tim"]
[Result "1-0"]
[WhiteElo "2326"]
[BlackElo "2153"]
[PlyCount "69"]
[EventDate "2021.10.10"]
[EventType "team-tourn"]
[EventCountry "GER"]
[WhiteTeam "Stadtilm SG BW"]
[BlackTeam "Gera ESV"]
[WhiteTeamCountry "GER"]
[BlackTeamCountry "GER"]

1. e4 c5 2. Nf3 d6 3. d4 cxd4 4. Nxd4 Nf6 5. Nc3 a6 6. f3 e5 7. Nb3 Be6 8. Be3
Be7 9. Qd2 O-O 10. O-O-O a5 11. a4 Na6 12. g4 Nb4 13. Kb1 Qc8 14. g5 Nd7 15. f4
exf4 16. Bxf4 Rd8 17. Nd4 Ne5 18. Nxe6 Qxe6 19. h4 Bf8 20. Bh3 Qe8 21. b3 Ra6
22. Nd5 Nxd5 23. Qxd5 Nc6 24. Bd2 Qe5 25. Bf1 Raa8 26. Bc4 Rd7 27. Qd3 Re8 28.
Rde1 Rc7 29. h5 Nd8 30. g6 Ne6 31. Bc3 Qc5 32. Ref1 fxg6 33. hxg6 h6 34. Rf5
Qc6 35. Bxa5 1-0

[Event "Oberliga Ost B"]
[Site "?"]
[Date "2021.10.10"]
[Round "1.2"]
[White "Mueller, Magnus"]
[Black "Schneider, Christian"]
[Result "0-1"]
[WhiteElo "2047"]
[BlackElo "2224"]
[PlyCount "88"]
[EventDate "2021.10.10"]
[EventType "team-tourn"]
[EventCountry "GER"]
[WhiteTeam "Gera ESV"]
[BlackTeam "Stadtilm SG BW"]
[WhiteTeamCountry "GER"]
[BlackTeamCountry "GER"]

1. d4 Nf6 2. c4 e6 3. Nc3 Bb4 4. Qc2 c5 5. dxc5 Na6 6. a3 Bxc3+ 7. Qxc3 Nxc5 8.
f3 d6 9. e4 a5 10. Bg5 h6 11. Bh4 Nfxe4 12. Bxd8 Nxc3 13. Bc7 Nb3 14. bxc3 Nxa1
15. Bxd6 Bd7 16. Ne2 Ba4 17. Nd4 O-O-O 18. c5 Nc2+ 19. Kd2 Nxd4 20. cxd4 Rxd6
21. cxd6 Kd7 22. Bd3 Kxd6 23. Rc1 Rb8 24. g4 Bd7 25. h4 f6 26. f4 Bc6 27. Ke3
b5 28. Rc5 a4 29. Be4 Bd7 30. Bd3 Rb6 31. h5 Rb8 32. g5 fxg5 33. fxg5 b4 34.
axb4 Rxb4 35. Ra5 hxg5 36. Rxg5 a3 37. Rxg7 a2 38. Rg1 Bb5 39. Be4 Rb3+ 40. Kd2
Rh3 41. Bg6 Kd5 42. Bf7 Rf3 43. Bg8 Rf1 44. Rg5+ Kd6 0-1

[Event "Oberliga Ost B"]
[Site "?"]
[Date "2021.10.10"]
[Round "1.3"]
[White "Dittrich, Tom"]
[Black "Schubert, Nikita"]
[Result "1/2-1/2"]
[WhiteElo "1977"]
[BlackElo "1919"]
[PlyCount "55"]
[EventDate "2021.10.10"]
[EventType "team-tourn"]
[EventCountry "GER"]
[WhiteTeam "Stadtilm SG BW"]
[BlackTeam "Gera ESV"]
[WhiteTeamCountry "GER"]
[BlackTeamCountry "GER"]

1. e4 e5 2. Nf3 Nc6 3. Bb5 a6 4. Ba4 Nf6 5. O-O Be7 6. Re1 b5 7. Bb3 O-O 8. a4
b4 9. d4 d6 10. dxe5 dxe5 11. Nbd2 Bd6 12. Qe2 a5 13. h3 Ne7 14. Nf1 Bb7 15.
Ng3 Ng6 16. Bc4 h6 17. Bd3 Nf4 18. Bxf4 exf4 19. Nf5 Re8 20. Nd2 Bf8 21. Qd1 g6
22. e5 gxf5 23. exf6 Rxe1+ 24. Qxe1 Qxf6 25. Nc4 Bc5 26. Qe5 Qxe5 27. Nxe5 Bc8
28. Nc4 1/2-1/2

[Event "Oberliga Ost B"]
[Site "?"]
[Date "2021.10.10"]
[Round "1.4"]
[White "Liebold, Aaron"]
[Black "Siebarth, Marco"]
[Result "1/2-1/2"]
[WhiteElo "1973"]
[BlackElo "2020"]
[PlyCount "39"]
[EventDate "2021.10.10"]
[EventType "team-tourn"]
[EventCountry "GER"]
[WhiteTeam "Gera ESV"]
[BlackTeam "Stadtilm SG BW"]
[WhiteTeamCountry "GER"]
[BlackTeamCountry "GER"]

1. e4 c5 2. Nc3 a6 3. g3 Nc6 4. Bg2 Nf6 5. Nge2 e6 6. O-O Be7 7. d4 cxd4 8.
Nxd4 O-O 9. Be3 Qc7 10. a4 Na5 11. Nce2 d6 12. b3 e5 13. Nf5 Bxf5 14. exf5 d5
15. Bxd5 Nxd5 16. Qxd5 Qxc2 17. Qxa5 Qxe2 18. Qc7 Bf6 19. Rfd1 Qf3 20. Rd7
1/2-1/2

[Event "Oberliga Ost B"]
[Site "?"]
[Date "2021.10.10"]
[Round "1.6"]
[White "Frank, Marek"]
[Black "Neubauer, Andreas"]
[Result "0-1"]
[WhiteElo "1498"]
[BlackElo "2140"]
[PlyCount "40"]
[EventDate "2021.10.10"]
[EventType "team-tourn"]
[EventCountry "GER"]
[WhiteTeam "Gera ESV"]
[BlackTeam "Stadtilm SG BW"]
[WhiteTeamCountry "GER"]
[BlackTeamCountry "GER"]

1. e4 c5 2. Nf3 d6 3. d4 cxd4 4. Nxd4 Nf6 5. Nc3 a6 6. Bg5 e6 7. f4 Be7 8. Qf3
Qb6 9. O-O-O Nc6 10. Nb3 O-O 11. Bxf6 gxf6 12. h4 Kh8 13. g4 a5 14. a4 Bd7 15.
g5 Nb4 16. Bb5 Bxb5 17. Nxb5 Rac8 18. Rh2 Rc4 19. gxf6 Bxf6 20. Rxd6 Qg1+ 0-1

[Event "Oberliga Ost B"]
[Site "?"]
[Date "2021.10.10"]
[Round "1.7"]
[White "Schmidt, Daniel"]
[Black "Hilbig, Dieter"]
[Result "1/2-1/2"]
[WhiteElo "1862"]
[BlackElo "1954"]
[PlyCount "44"]
[EventDate "2021.10.10"]
[EventType "team-tourn"]
[EventCountry "GER"]
[WhiteTeam "Stadtilm SG BW"]
[BlackTeam "Gera ESV"]
[WhiteTeamCountry "GER"]
[BlackTeamCountry "GER"]

1. c4 c5 2. Nc3 Nc6 3. g3 Nf6 4. Bg2 e6 5. Nf3 Be7 6. O-O O-O 7. d4 cxd4 8.
Nxd4 Nxd4 9. Qxd4 a6 10. b3 Qc7 11. Bb2 Rb8 12. Rac1 b6 13. Rfd1 Rd8 14. Ne4 d6
15. Bc3 Bb7 16. Nxf6+ Bxf6 17. Qg4 Bxc3 18. Rxc3 Bxg2 19. Kxg2 d5 20. Rcd3 dxc4
21. Qxc4 Qb7+ 22. f3 Rxd3 1/2-1/2

[Event "Oberliga Ost B"]
[Site "?"]
[Date "2021.10.10"]
[Round "1.8"]
[White "Helmsdorf, Marius"]
[Black "Mann, Jonas"]
[Result "1-0"]
[WhiteElo "1582"]
[BlackElo "1896"]
[PlyCount "51"]
[EventDate "2021.10.10"]
[EventType "team-tourn"]
[EventCountry "GER"]
[WhiteTeam "Gera ESV"]
[BlackTeam "Stadtilm SG BW"]
[WhiteTeamCountry "GER"]
[BlackTeamCountry "GER"]

1. d4 g6 2. e4 Bg7 3. Nc3 d6 4. Be3 Nf6 5. Qd2 O-O 6. O-O-O Nbd7 7. f3 c6 8.
Bh6 b5 9. h4 b4 10. Nce2 Rb8 11. h5 Qa5 12. Kb1 c5 13. Bxg7 Kxg7 14. hxg6 fxg6
15. Qh6+ Kf7 16. Nh3 Nb6 17. Ng5+ Ke8 18. Nxh7 Nxh7 19. Qxg6+ Kd8 20. Rxh7 Na4
21. Qg5 Re8 22. dxc5 Nc3+ 23. Nxc3 bxc3 24. Rxd6+ Bd7 25. Rxd7+ Kxd7 26. c6+
1-0

[Event "Oberliga Ost B"]
[Site "?"]
[Date "2021.10.10"]
[Round "1.1"]
[White "Di Capua, Francesco Stefano"]
[Black "Kunin, Vitaly"]
[Result "0-1"]
[WhiteElo "1966"]
[BlackElo "2547"]
[PlyCount "48"]
[EventDate "2021.10.10"]
[EventType "team-tourn"]
[EventCountry "GER"]
[WhiteTeam "Gernsheim SK"]
[BlackTeam "Moerlenbach Birkenau Freibauer"]
[WhiteTeamCountry "GER"]
[BlackTeamCountry "GER"]

1. e4 c5 2. Nf3 g6 3. d4 cxd4 4. Nxd4 Bg7 5. Nc3 Nc6 6. Be3 Nf6 7. Bc4 O-O 8.
Bb3 a6 9. f3 Qc7 10. Qd2 b5 11. g4 e6 12. O-O-O Bb7 13. h4 h5 14. Rdg1 Ne5 15.
gxh5 Nxh5 16. Rg5 b4 17. Na4 d5 18. Rhg1 dxe4 19. Rxh5 Rad8 20. Nxe6 Rxd2 21.
Nxc7 Re2 22. Nc5 Nxf3 23. Bh6 Nxg1 24. Bxg7 Re1+ 0-1

[Event "Oberliga Ost B"]
[Site "?"]
[Date "2021.10.10"]
[Round "1.2"]
[White "Galdunts, Sergey"]
[Black "Neumann, Martin"]
[Result "1-0"]
[WhiteElo "2412"]
[BlackElo "2104"]
[PlyCount "57"]
[EventDate "2021.10.10"]
[EventType "team-tourn"]
[EventCountry "GER"]
[WhiteTeam "Moerlenbach Birkenau Freibauer"]
[BlackTeam "Gernsheim SK"]
[WhiteTeamCountry "GER"]
[BlackTeamCountry "GER"]

1. e4 e5 2. Nf3 Nc6 3. Bb5 a6 4. Ba4 Bc5 5. c3 b5 6. Bb3 d6 7. d4 Bb6 8. a4 Bg4
9. Be3 Nge7 10. Na3 exd4 11. cxd4 Ba5+ 12. Kf1 bxa4 13. Bxa4 O-O 14. Bxc6 Nxc6
15. Qa4 Qe8 16. d5 Ne5 17. Qxa5 Nxf3 18. h3 Bh5 19. gxf3 Bxf3 20. Rg1 Qxe4 21.
Qc3 f6 22. Rg3 Bh5 23. Kg1 Rf7 24. Qc4 Qf5 25. Nb5 Re7 26. Nd4 Qe4 27. b3 Bg6
28. Rd1 Rae8 29. Rg4 1-0

[Event "Oberliga Ost B"]
[Site "?"]
[Date "2021.10.10"]
[Round "1.3"]
[White "Dietz, Holger"]
[Black "Legde, Georg"]
[Result "1/2-1/2"]
[WhiteElo "2292"]
[BlackElo "2320"]
[PlyCount "68"]
[EventDate "2021.10.10"]
[EventType "team-tourn"]
[EventCountry "GER"]
[WhiteTeam "Gernsheim SK"]
[BlackTeam "Moerlenbach Birkenau Freibauer"]
[WhiteTeamCountry "GER"]
[BlackTeamCountry "GER"]

{[%evp 0,67,43,40,53,40,53,19,13,-6,9,-14,-6,4,33,27,8,14,5,-22,-3,4,-12,-33,
-33,-31,4,-8,-16,-14,-22,-68,-57,-53,-43,-66,-53,-77,-31,-26,-26,-26,-32,-28,
-18,-17,23,39,32,5,6,-21,12,-13,22,0,35,33,35,19,52,46,95,83,128,71,90,46,90,
90]} 1. e4 c5 2. Nf3 e6 3. g3 Nc6 4. Bg2 d5 5. exd5 exd5 6. d4 Nf6 7. O-O Be7
8. dxc5 Bxc5 9. Nbd2 O-O 10. Nb3 Bb6 11. Nfd4 Bg4 12. f3 Bf5 13. Be3 Re8 14.
Bf2 Bg6 15. Nxc6 bxc6 16. Qd2 Bxf2+ 17. Rxf2 Qb6 18. Qd4 Qxd4 19. Nxd4 c5 20.
Nb3 Rac8 21. c3 Kf8 22. Rd2 Red8 23. Rad1 Bf5 24. Kf2 h5 25. h4 Be6 26. Bf1 Ke7
27. Nc1 Rd6 28. Ne2 Rb6 29. Nf4 a5 30. Re2 a4 31. Bh3 Rd8 32. Rdd2 Rdd6 33. Nd3
Rbc6 34. Nf4 Rb6 1/2-1/2

[Event "Oberliga Ost B"]
[Site "?"]
[Date "2021.10.10"]
[Round "1.4"]
[White "Felgendreher, Heiko"]
[Black "Mueller, Maximilian"]
[Result "0-1"]
[WhiteElo "2191"]
[BlackElo "2304"]
[PlyCount "114"]
[EventDate "2021.10.10"]
[EventType "team-tourn"]
[EventCountry "GER"]
[WhiteTeam "Moerlenbach Birkenau Freibauer"]
[BlackTeam "Gernsheim SK"]
[WhiteTeamCountry "GER"]
[BlackTeamCountry "GER"]

1. e4 c5 2. Nf3 d6 3. d4 cxd4 4. Nxd4 Nf6 5. Nc3 e5 6. Bb5+ Bd7 7. Bxd7+ Qxd7
8. Nb3 Qc6 9. Qe2 h6 10. O-O Nbd7 11. a4 Rc8 12. Rd1 a6 13. a5 Be7 14. Rd3 O-O
15. Rg3 Kh7 16. Bd2 Qc4 17. Qf3 Qe6 18. Nd5 Ng8 19. Ne3 g6 20. Ra4 Bg5 21. Rb4
Bxe3 22. Qxe3 Rc7 23. h4 d5 24. h5 g5 25. exd5 Qxd5 26. Qd3+ Qxd3 27. Rxd3 f5
28. Rc3 Rxc3 29. Bxc3 Rb8 30. Rc4 Ngf6 31. Rc7 Kg8 32. Nc5 Nxc5 33. Rxc5 Rd8
34. Kf1 Ng4 35. Ke2 Rd7 36. f3 Nf6 37. Rxe5 Nxh5 38. Kf2 f4 39. Re6 Rh7 40. Bb4
Ng3 41. Re7 Rxe7 42. Bxe7 Kg7 43. c4 Nf5 44. Bc5 Kf6 45. b3 Ke5 46. b4 Nd6 47.
Bxd6+ Kxd6 48. Ke2 Ke5 49. Kd3 h5 50. b5 h4 51. c5 axb5 52. c6 Kd6 53. cxb7 Kc7
54. a6 b4 55. Kc4 g4 56. fxg4 f3 57. gxf3 h3 0-1

[Event "Oberliga Ost B"]
[Site "?"]
[Date "2021.10.10"]
[Round "1.5"]
[White "Schupp, Uwe"]
[Black "Boehmer, Christian"]
[Result "0-1"]
[WhiteElo "2127"]
[BlackElo "2167"]
[PlyCount "72"]
[EventDate "2021.10.10"]
[EventType "team-tourn"]
[EventCountry "GER"]
[WhiteTeam "Gernsheim SK"]
[BlackTeam "Moerlenbach Birkenau Freibauer"]
[WhiteTeamCountry "GER"]
[BlackTeamCountry "GER"]

1. Nf3 Nf6 2. g3 b6 3. Bg2 Bb7 4. O-O e6 5. c4 c5 6. b3 d6 7. Bb2 Nbd7 8. e3
Be7 9. Qe2 Qc7 10. Nc3 a6 11. d3 O-O 12. Ne1 Bxg2 13. Nxg2 Qb7 14. f4 b5 15.
cxb5 axb5 16. g4 d5 17. g5 Ne8 18. Qg4 Nd6 19. Rf3 b4 20. Rh3 Rfe8 21. Qh5 Nf8
22. Ne2 c4 23. Be5 cxb3 24. axb3 Rxa1+ 25. Bxa1 Qa6 26. Be5 Qxd3 27. Nh4 Qd1+
28. Kg2 Rc8 29. g6 fxg6 30. Nxg6 hxg6 31. Qh8+ Kf7 32. Qxg7+ Ke8 33. Nd4 Rc2+
34. Nxc2 Qxc2+ 35. Kf1 Qd1+ 36. Kg2 Qe2+ 0-1

[Event "Oberliga Ost B"]
[Site "?"]
[Date "2021.10.10"]
[Round "1.6"]
[White "Wohlfart, Paulus"]
[Black "Rosenberger, Frank"]
[Result "1-0"]
[WhiteElo "2101"]
[BlackElo "2036"]
[PlyCount "53"]
[EventDate "2021.10.10"]
[EventType "team-tourn"]
[EventCountry "GER"]
[WhiteTeam "Moerlenbach Birkenau Freibauer"]
[BlackTeam "Gernsheim SK"]
[WhiteTeamCountry "GER"]
[BlackTeamCountry "GER"]

1. d4 d5 2. c4 e6 3. Nf3 c6 4. e3 Nf6 5. b3 Nbd7 6. Bb2 Ne4 7. Bd3 f5 8. O-O
Bd6 9. Qc1 O-O 10. Ba3 Bxa3 11. Qxa3 Rf6 12. Nbd2 Rh6 13. Bxe4 fxe4 14. Ne5
Nxe5 15. dxe5 Qh4 16. h3 Bd7 17. Qd6 Be8 18. f3 Rd8 19. Qc7 Rd7 20. Qb8 Rd8 21.
Qxb7 Bg6 22. fxe4 dxe4 23. Rf4 Qg3 24. Nf1 Qg5 25. Qxc6 Qxe5 26. Rd1 Rb8 27.
Qd6 1-0

[Event "Oberliga Ost B"]
[Site "?"]
[Date "2021.10.10"]
[Round "1.7"]
[White "Lukas, Anne"]
[Black "Schaefer, Michael"]
[Result "0-1"]
[WhiteElo "2030"]
[BlackElo "2142"]
[PlyCount "56"]
[EventDate "2021.10.10"]
[EventType "team-tourn"]
[EventCountry "GER"]
[WhiteTeam "Gernsheim SK"]
[BlackTeam "Moerlenbach Birkenau Freibauer"]
[WhiteTeamCountry "GER"]
[BlackTeamCountry "GER"]

1. g3 c5 2. c4 g6 3. Bg2 Bg7 4. Nc3 Nf6 5. Nf3 O-O 6. O-O Nc6 7. d3 a6 8. a3
Rb8 9. Rb1 b5 10. cxb5 axb5 11. b4 cxb4 12. axb4 d5 13. Bf4 Rb6 14. Qc1 d4 15.
Nxb5 Nd5 16. Bd2 Ba6 17. Na3 Ncxb4 18. Bxb4 Rxb4 19. Qc5 Rxb1 20. Nxb1 Nc3 21.
Re1 Qb8 22. Nbd2 e5 23. Bh3 f5 24. Nc4 Rc8 25. Qe7 Re8 26. Qc5 e4 27. Nxd4 exd3
28. Nd2 Bxd4 0-1

[Event "Oberliga Ost B"]
[Site "?"]
[Date "2021.10.10"]
[Round "1.8"]
[White "Wrede, Michael"]
[Black "Wenzel, Calvin"]
[Result "0-1"]
[WhiteElo "2172"]
[BlackElo "1931"]
[PlyCount "114"]
[EventDate "2021.10.10"]
[EventType "team-tourn"]
[EventCountry "GER"]
[WhiteTeam "Moerlenbach Birkenau Freibauer"]
[BlackTeam "Gernsheim SK"]
[WhiteTeamCountry "GER"]
[BlackTeamCountry "GER"]

{[%evp 0,114,34,17,27,0,-8,-4,-12,-8,2,5,-15,-15,-13,-5,-5,-34,58,38,36,40,40,
40,59,-50,-44,-35,2,-68,-18,-26,-29,-29,-21,-39,-36,-44,-40,-45,-40,-27,-23,
-46,-34,-56,-57,-47,-41,-59,-50,-67,-88,-93,-91,-83,-61,-76,-76,-66,-69,-51,
-38,-98,-48,-49,-48,-85,-77,-62,-75,-99,-66,-80,-66,-90,-142,-196,-166,-211,
-214,-224,-206,-210,-69,-155,-159,-203,-294,-316,-319,-313,-302,-599,-577,-663,
-666,-754,-800,-817,-817,-890,-917,-929,-929,-974,-985,-988,-975,-971,-996,
-1012,-1034,-29993,-29994,-29997,-29998]} 1. d4 Nf6 2. Bg5 Ne4 3. Bh4 g5 4. f3
gxh4 5. fxe4 Bh6 6. Nf3 d6 7. Qd3 O-O 8. Nbd2 f5 9. exf5 Bxf5 10. e4 Bg4 11. h3
Bh5 12. O-O-O Nc6 13. Kb1 e5 14. Nb3 exd4 15. Nbxd4 Nxd4 16. Qxd4 Bg7 17. Qd5+
Bf7 18. Qg5 Qf6 19. Qxf6 Bxf6 20. Bd3 Rae8 21. Rde1 Re7 22. Re2 Rfe8 23. Rhe1
a6 24. c3 Bh5 25. Kc2 Be5 26. Nxh4 Bxe2 27. Rxe2 Bf6 28. Nf5 Re5 29. Rf2 Rf8
30. g4 Kh8 31. c4 b5 32. cxb5 axb5 33. Rf3 d5 34. exd5 Rxd5 35. Ng3 Bg7 36. Nf5
Rfd8 37. h4 Bxb2 38. Nh6 R8d7 39. g5 Bg7 40. Nf5 Rf7 41. h5 c5 42. h6 Bf8 43.
Be4 Re5 44. Kd3 Ra7 45. Ne3 Be7 46. Bxh7 Kxh7 47. Rf7+ Kh8 48. g6 Ra3+ 49. Kd2
Raxe3 50. Rh7+ Kg8 51. Rg7+ Kf8 52. Rf7+ Ke8 53. h7 Re2+ 54. Kd1 Re1+ 55. Kc2
R5e2+ 56. Kd3 c4+ 57. Kd4 Rd1+ 0-1

[Event "Oberliga Ost B"]
[Site "?"]
[Date "2021.10.10"]
[Round "1.1"]
[White "Nothnagel, Marian Can"]
[Black "Geske, Julian"]
[Result "1/2-1/2"]
[WhiteElo "2395"]
[BlackElo "2374"]
[PlyCount "21"]
[EventDate "2021.10.10"]
[EventType "team-tourn"]
[EventCountry "GER"]
[WhiteTeam "Griesheim SV"]
[BlackTeam "Wiesbadener SV"]
[WhiteTeamCountry "GER"]
[BlackTeamCountry "GER"]

1. Nf3 Nf6 2. g3 g6 3. Bg2 Bg7 4. O-O O-O 5. d3 d5 6. Nbd2 Nbd7 7. e4 dxe4 8.
dxe4 e5 9. Qe2 b6 10. b3 Bb7 11. Bb2 1/2-1/2

[Event "Oberliga Ost B"]
[Site "?"]
[Date "2021.10.10"]
[Round "1.2"]
[White "Dubkov, Andrej"]
[Black "Spitzl, Vinzent"]
[Result "1-0"]
[WhiteElo "2322"]
[BlackElo "2329"]
[PlyCount "151"]
[EventDate "2021.10.10"]
[EventType "team-tourn"]
[EventCountry "GER"]
[WhiteTeam "Wiesbadener SV"]
[BlackTeam "Griesheim SV"]
[WhiteTeamCountry "GER"]
[BlackTeamCountry "GER"]

1. e4 c5 2. Nf3 d6 3. d4 cxd4 4. Qxd4 Nf6 5. Bb5+ Bd7 6. c4 Bxb5 7. cxb5 Nbd7
8. Nc3 g6 9. O-O Bg7 10. Bg5 O-O 11. Rfd1 h6 12. Bh4 Qb6 13. Qd2 Rac8 14. Rac1
Rfe8 15. Qe2 Qa5 16. Nd4 Nc5 17. f3 Na4 18. Be1 Nxc3 19. Bxc3 Qb6 20. Kh1 Nd7
21. Qd2 a6 22. bxa6 Qxa6 23. b3 Nc5 24. Ne2 e5 25. Bb4 Ne6 26. Nc3 Red8 27. Nd5
Kh7 28. Rc3 h5 29. Rd3 Bh6 30. Qb2 Bg7 31. h4 Nd4 32. Bc3 Ne6 33. Nb4 Qb6 34.
Nd5 Qa6 35. Bb4 Nd4 36. Bc3 Ne6 37. Be1 Nc5 38. Rc3 Qf1+ 39. Kh2 Qb5 40. Qc2
Qe8 41. Rc1 Rb8 42. Bf2 Ne6 43. Bb6 Nd4 44. Qd3 Ra8 45. a4 Rdc8 46. Nc7 Qe7 47.
g3 Rab8 48. Ba7 Bh6 49. Nd5 Qe6 50. f4 exf4 51. Rxc8 Rxc8 52. Rxc8 fxg3+ 53.
Kg2 Nc6 54. Ra8 Bg7 55. Qf3 Ne5 56. Qxg3 Ng4 57. Qf4 f5 58. Rd8 Ne5 59. Ne3
fxe4 60. Qxe4 Qxb3 61. Rxd6 Qb2+ 62. Kf1 Qc1+ 63. Rd1 Qc7 64. Bd4 Qf7+ 65. Ke2
Qa2+ 66. Rd2 Qxa4 67. Qxb7 Qa5 68. Rc2 Kh6 69. Nc4 Qa4 70. Rc1 Qa2+ 71. Qb2 Qa8
72. Qd2+ Kh7 73. Nxe5 Qg2+ 74. Kd3 Qg3+ 75. Qe3 Qxe3+ 76. Bxe3 1-0

[Event "Oberliga Ost B"]
[Site "?"]
[Date "2021.10.10"]
[Round "1.3"]
[White "Koehler, Ronald"]
[Black "Bakiev, Diyor"]
[Result "0-1"]
[WhiteElo "2195"]
[BlackElo "2074"]
[PlyCount "102"]
[EventDate "2021.10.10"]
[EventType "team-tourn"]
[EventCountry "GER"]
[WhiteTeam "Griesheim SV"]
[BlackTeam "Wiesbadener SV"]
[WhiteTeamCountry "GER"]
[BlackTeamCountry "GER"]

1. d4 Nf6 2. c4 c5 3. d5 e6 4. Nc3 exd5 5. cxd5 d6 6. e4 g6 7. f4 Bg7 8. Bb5+
Nfd7 9. a4 O-O 10. Nf3 Na6 11. O-O Nb4 12. Re1 a6 13. Bf1 Re8 14. h3 f5 15. e5
h6 16. e6 Nf6 17. Be3 Ne4 18. Qb3 b6 19. Nxe4 fxe4 20. Nd2 Bb7 21. Bc4 b5 22.
axb5 axb5 23. Rxa8 Qxa8 24. Bxb5 Bxd5 25. Qd1 Rxe6 26. b3 Qa2 27. Kh1 Nc2 28.
Re2 Nxe3 29. Rxe3 Bd4 30. Re2 Qa1 31. Qxa1 Bxa1 32. Nc4 Kg7 33. g4 e3+ 34. Kh2
Bd4 35. Kg3 g5 36. f5 Be5+ 37. Nxe5 Rxe5 38. Bc4 Bc6 39. Ra2 d5 40. Ra7+ Kf8
41. Be2 d4 42. Rh7 Be4 43. Bc4 d3 44. Rh8+ Ke7 45. Rh7+ Kd8 46. Rh8+ Re8 47.
Rxh6 e2 48. Kf2 Bd5 49. Re6 Bxe6 50. Bxe6 Rxe6 51. fxe6 Ke7 0-1

[Event "Oberliga Ost B"]
[Site "?"]
[Date "2021.10.10"]
[Round "1.4"]
[White "Gottschalk, Jens"]
[Black "Liard, Thibaud"]
[Result "1/2-1/2"]
[WhiteElo "2268"]
[BlackElo "2175"]
[PlyCount "86"]
[EventDate "2021.10.10"]
[EventType "team-tourn"]
[EventCountry "GER"]
[WhiteTeam "Wiesbadener SV"]
[BlackTeam "Griesheim SV"]
[WhiteTeamCountry "GER"]
[BlackTeamCountry "GER"]

1. d4 Nf6 2. c4 d6 3. g3 e5 4. dxe5 dxe5 5. Qxd8+ Kxd8 6. Bg2 c6 7. Nf3 Nbd7 8.
O-O h6 9. b3 Bc5 10. Rd1 Kc7 11. Nc3 Re8 12. Nd2 Bf8 13. Bb2 a5 14. a3 Nc5 15.
b4 axb4 16. axb4 Rxa1 17. Rxa1 Na6 18. b5 Nc5 19. bxc6 bxc6 20. Nce4 Nfxe4 21.
Nxe4 Nxe4 22. Bxe4 f6 23. Bc3 Bc5 24. Ba5+ Bb6 25. c5 Bxa5 26. Rxa5 Bd7 27.
Ra7+ Kc8 28. g4 Rd8 29. Bf5 Bxf5 30. gxf5 Rd7 31. Rxd7 Kxd7 32. Kg2 Ke7 33. Kg3
Kf7 34. e4 g6 35. Kg4 h5+ 36. Kh4 Kg7 37. fxg6 Kxg6 38. h3 Kh6 39. Kg3 Kg5 40.
h4+ Kg6 41. f3 Kf7 42. Kf2 Ke6 43. Ke3 Kd7 1/2-1/2

[Event "Oberliga Ost B"]
[Site "?"]
[Date "2021.10.10"]
[Round "1.5"]
[White "Diaz, Joaquin"]
[Black "Wichmann, Daniel"]
[Result "1/2-1/2"]
[WhiteElo "2150"]
[BlackElo "2174"]
[PlyCount "45"]
[EventDate "2021.10.10"]
[EventType "team-tourn"]
[EventCountry "GER"]
[WhiteTeam "Griesheim SV"]
[BlackTeam "Wiesbadener SV"]
[WhiteTeamCountry "GER"]
[BlackTeamCountry "GER"]

1. e4 Nf6 2. e5 Nd5 3. c4 Nb6 4. d4 d6 5. f4 dxe5 6. fxe5 c5 7. d5 e6 8. Nc3
exd5 9. cxd5 c4 10. Nf3 Bb4 11. Bxc4 Bxc3+ 12. bxc3 Nxc4 13. Qa4+ Nd7 14. Qxc4
Nb6 15. Qb5+ Bd7 16. Qd3 Bg4 17. d6 Bxf3 18. Qxf3 Qh4+ 19. Qf2 Qc4 20. Qd4 Rc8
21. Bf4 Qxc3+ 22. Qxc3 Rxc3 23. O-O 1/2-1/2

[Event "Oberliga Ost B"]
[Site "?"]
[Date "2021.10.10"]
[Round "1.6"]
[White "Tuzi, Bruna"]
[Black "Nothnagel, Markus"]
[Result "1/2-1/2"]
[WhiteElo "1971"]
[BlackElo "2208"]
[PlyCount "81"]
[EventDate "2021.10.10"]
[EventType "team-tourn"]
[EventCountry "GER"]
[WhiteTeam "Wiesbadener SV"]
[BlackTeam "Griesheim SV"]
[WhiteTeamCountry "GER"]
[BlackTeamCountry "GER"]

1. e4 e6 2. d4 d5 3. Nc3 Bb4 4. exd5 exd5 5. Bd3 c6 6. h3 Ne7 7. Qh5 Nd7 8. Bg5
Nf8 9. Nf3 Nfg6 10. O-O Be6 11. Rfe1 Qd7 12. Bxe7 Bxe7 13. Bxg6 fxg6 14. Qe5
Kf7 15. Qf4+ Kg8 16. Ne5 Qc8 17. Re2 Bf6 18. Rae1 g5 19. Qf3 Bd7 20. Na4 b6 21.
Nc3 h5 22. Ng6 g4 23. Qf4 Qb8 24. Qxb8+ Rxb8 25. Nxh8 Kxh8 26. hxg4 hxg4 27.
Rd1 Kg8 28. g3 Kf7 29. Rdd2 Rh8 30. Nd1 Bf5 31. Ne3 Be4 32. Ng2 Bf3 33. Re1 c5
34. dxc5 bxc5 35. c3 a5 36. Rd3 Rb8 37. b3 c4 38. bxc4 dxc4 39. Rd7+ Kg6 40.
Nf4+ Kg5 41. Rd5+ 1/2-1/2